00419nam a2200157Ia 45000010006000000050017000060080041000230410008000640820019000721000037000912450080001282600009002083000028002176500008002456540008002531699220260306170352.0260306t2014||||xx |||||||||||||| ||und|| aESP a657.42bCH516A aChambergo Guillermo, IsidroeAUT 0aContabilidad de costos para la toma de decisiones:baplicación práctica c2014 a566 páginas :c21 cm. aGEN aCCO